Aya Nakamura - Pookie [paroles] - Statistiques

Statistiques générales
  • Ce quiz a été pris 45 fois
  • Le résultat moyen est 48 sur 93
Statistiques - réponses
Réponse % Correct
pook
100%
ferme
93%
la
93%
93%
là)
93%
a
90%
pookie
90%
porte
90%
dans
88%
y
88%
toi
80%
j'ai
75%
bon
68%
ça
68%
pas
68%
t’es
68%
depuis
65%
gang
65%
longtemps
65%
qu’à
65%
je
63%
tu
63%
bang
60%
comme
60%
joue
60%
ne
60%
va
60%
vu
60%
ah
58%
allô
58%
bébé
58%
blah
58%
du
58%
j’suis
58%
l’sas
58%
mala
58%
million
58%
sale
58%
un
58%
veut
58%
boy
55%
fossé
55%
nous
55%
entre
53%
faire
53%
game
53%
planer
53%
t’as
53%
vaux
53%
l’side
50%
mecs
50%
ouais
50%
d’dollars
48%
hors
48%
les
48%
pour
48%
trop
48%
boca
45%
ces
45%
oh
45%
(oh
45%
sens
45%
bails
43%
besoin
43%
bye
40%
c’est
40%
d’efforts
40%
l’seum
40%
des
38%
ding
38%
d’la
38%
dong
38%
fais
38%
grave
38%
pipelettes
38%
l’heure
33%
chaud
30%
j’crois
30%
là-haut
30%
(là-haut)
30%
l’time
30%
claquer
28%
d’bad
28%
fort
28%
qu’c’est
25%
bons
23%
barré
20%
quer-cra
20%
bails-là
18%
crac
18%
j’t’ai
18%
tacler
18%
pépètes
13%
Aucun quiz correspondant
Distribution des résultats
% des personnes avec chaque résultat
Percentile par nombre de réponses
Votre historique - résultats
Vous n’avez pas pris ce quiz